000
00408nam a2200181Ia 4500
008
090123s9999 xx 000 0 und d
082
_b
42865
100
_a
काळे व.पु
245
_a
सखी
250
_a
1
260
_c
2007
300
_a
174
600
_a
काळे व.पु
630
_a
सखी
700
_a
काळे व.पु
730
_a
सखी
942
_c
BOOK
999
_c
80939
_d
80939